000 00337nam a2200133Ia 4500
008 240624s9999 xx 000 0 und d
041 _aeng
082 _a346.082 VAR
100 _aVARSHNEY P N
245 _aBANKING LAW AND PRACTICE
260 _c2007
_aNew Delhi
_bSultan Chand and Sons
300 _axii, : A.42 : p. ; cm.
365 _cRS
999 _c8807
_d8807